Výsledky liečby nefroblastómu v materiáli Kliniky pediatrickej chirurgie v Bratislave (1970-1978)

Bibliographic Details
Main Authors: Horniaková, Magda (Author), Payer, Juraj, 1930-2011 (Author), Bolejšík, Miroslav (Author), Vršanský, Pavol, 1949-2002 (Author)
Format: Article
Language:Slovak
PhysicalDescription:Tb. 5. Res. rus., angl., nem.
Subjects:

MARC

LEADER 00000nab a2200000 a 4500
001 vtls000106931
003 SK-MaSNL
005 20260304065450.0
008 250422c1981 xo 0 slo
015 |a SNBRB19rr/mm-uuuuu 
035 |a CL0117034 
035 |a urn:nbn:sk:snk-ab2um 
035 |a (urnnbn)urn:nbn:sk:snk:ar-a03k11 
035 |a (uuid)391efdfe-7281-493f-b41e-20ec73545512 
040 |a SNKBUCL  |b slo  |c SNKBUCL  |e AACR2 
041 0 |a slo 
044 |a xo  |c SK 
080 |a 616.6  |2 1981 
080 |a 616-006  |2 1981 
245 0 0 |a Výsledky liečby nefroblastómu v materiáli Kliniky pediatrickej chirurgie v Bratislave (1970-1978)  |c Magda Horniaková, Juraj Payer, Miroslav Bolejšík, Pavol Vršanský 
300 |b Tb. 5. Res. rus., angl., nem. 
610 2 7 |a Klinika pediatrickej chirurgie v Bratislave  |2 SNK  |9 1354550 
650 0 7 |a nefroblastom  |2 snkbucl  |9 1354551 
650 0 7 |a pediatria  |2 snkbucl  |9 912 
655 7 |a články z novín a časopisov  |2 snkbucl  |9 267496 
700 1 |a Horniaková, Magda  |4 aut  |9 1354552 
700 1 |a Payer, Juraj,  |d 1930-2011  |4 aut  |9 190345 
700 1 |a Bolejšík, Miroslav  |4 aut  |9 1354553 
700 1 |a Vršanský, Pavol,  |d 1949-2002  |4 aut  |9 21702 
773 0 |t Bratislavské lekárske listy  |g Roč. 76, č. 5 (1981), s. 585-591 
850 |a Slovenská národná knižnica 
852 |a Slovenská národná knižnica 
954 |a odborná, vedecká literatúra pôvodná (slovenská)  |2 lita 
957 |a 5100 
958 |a article27 
958 |a RK 
958 |a MI 
958 |a OND 
958 |a EUIPO 
992 |a RBX 
999 |c 2750921  |d 2752851